|
|
|
|
| LEADER |
01337nam a2200289 i 4500 |
| 001 |
7301 |
| 003 |
BD-DhAAL |
| 005 |
20151119122119.0 |
| 008 |
151119s2004 bg b 000 0 beno |
| 010 |
|
|
|a 2011322155
|
| 020 |
|
|
|a 9844651530
|
| 040 |
|
|
|a DLC
|b eng
|c DLC
|e rda
|d DLC
|d BD-DhAAL
|
| 050 |
0 |
0 |
|a DS395.5
|b .R32273 2004
|
| 082 |
|
|
|a 954.9/205
|
| 100 |
1 |
|
|a রহমান, আতিউর
|d 1951-
|e author.
|9 16391
|
| 245 |
1 |
0 |
|a অসহযোগের দিনগুলি :
|b মুক্তিযুদ্ধের প্রস্তুতিপর্ব /
|c আতিউর রহমান
|
| 260 |
|
|
|a ঢাকা :
|b সাহিত্য প্রকাশ,
|c ২০০৪.
|
| 300 |
|
|
|a ১৫৯ পৃ. ;
|c ২২ সে.মি.
|
| 504 |
|
|
|a Includes bibliographical references (page 80).
|
| 520 |
|
|
|a Articles on the 1971 liberation movement of Bangladesh; chiefly on the non-cooperation movement called by Bangabandhu Sheikh Mujibur Rahman.
|
| 541 |
|
|
|e 7301
|
| 546 |
|
|
|a In Bengali.
|
| 600 |
1 |
0 |
|a Mujibur Rahman,
|c Sheikh,
|d 1920-1975.
|9 16324
|
| 651 |
|
0 |
|a Bangladesh
|x History
|y Revolution, 1971.
|9 16392
|
| 942 |
|
|
|2 ddc
|c BK
|
| 999 |
|
|
|c 36248
|d 36248
|
| 952 |
|
|
|0 0
|1 0
|2 ddc
|4 0
|6 954_900000000000000_205_RAH
|7 0
|9 56984
|a SCL
|b SCL
|c GEN
|d 2015-11-19
|g 75.00
|l 1
|o 954.9205 RAH
|p 3020007301
|r 2022-12-03
|s 2022-11-29
|t 1
|w 2015-11-19
|y BK
|